[Event "Roskilde 100 aars Jubilaeum 2008"]
[Site "Roskilde"]
[Date "2008.10.15"]
[Round "6"]
[White "Christensen, Casper"]
[Black "Andersen, Daniel"]
[Result "1/2-1/2"]
[WhiteElo "1678"]
[BlackElo "1806"]
[PlyCount "63"]
[EventDate "2008.??.??"]


1. Nf3 Nf6 2. d4 g6 3. Bf4 Bg7 4. Nc3 d5 5. Qd2 c5 6. Bh6 O-O 7. Bxg7 Kxg7 8.
e3 Nc6 9. Be2 Bg4 10. h3 Bxf3 11. Bxf3 e6 12. g4 cxd4 13. exd4 Na5 14. b3 Nc6
15. O-O-O Qa5 16. Kb2 b5 17. h4 Nd7 18. h5 Rh8 19. Qf4 b4 20. Nb1 Qb5 21. a4
bxa3+ 22. Nxa3 Qb8 23. h6+ Kf8 24. Qe3 Nb6 25. Kc1 Qd6 26. Nb5 Qd7 27. Be2 a6
28. Nc3 f6 29. Kd2 Kf7 30. Ke1 Qd6 31. Qd2 Rhc8 32. Rc1 1/2-1/2

[Event "Roskilde 100 aars Jubilaeum 2008"]
[Site "Roskilde"]
[Date "2008.10.16"]
[Round "7"]
[White "Jensen, Jan Kargaard"]
[Black "Hein, Jacob"]
[Result "1-0"]
[WhiteElo "1624"]
[BlackElo "1456"]
[PlyCount "22"]
[EventDate "2008.??.??"]


1. d4 e6 2. Nf3 c5 3. e3 a6 4. Be2 Nf6 5. O-O Bd6 6. c4 Ng4 7. h3 h5 8. e4 e5
9. dxe5 Nxe5 10. Qxd6 Nxf3+ 11. Bxf3 g5 1-0

[Event "Roskilde 100 aars Jubilaeum 2008"]
[Site "Roskilde"]
[Date "2008.10.16"]
[Round "7"]
[White "Hansen, Lars Henrik Bech"]
[Black "Christensen, Simon Ellegaard"]
[Result "1/2-1/2"]
[WhiteElo "1988"]
[BlackElo "1720"]
[PlyCount "37"]
[EventDate "2008.??.??"]


1. e4 c5 2. Nf3 d6 3. d4 cxd4 4. Nxd4 Nf6 5. Nc3 g6 6. Be2 Bg7 7. O-O O-O 8.
Be3 Nc6 9. h3 Bd7 10. f4 Qb6 11. e5 dxe5 12. fxe5 Nxe5 13. Nf5 Qxb2 14. Nxe7+
Kh8 15. Bd4 Ng8 16. Nxg8 Kxg8 17. Rb1 Qa3 18. Rxb7 Bc6 19. Rb3 1/2-1/2

[Event "Roskilde 100 aars Jubilaeum 2008"]
[Site "Roskilde"]
[Date "2008.10.16"]
[Round "7"]
[White "Christensen, Christoffer Ellegaa"]
[Black "Lauridsen, Jesper Morch"]
[Result "0-1"]
[WhiteElo "1759"]
[BlackElo "2279"]
[PlyCount "46"]
[EventDate "2008.??.??"]


1. d4 d5 2. Nf3 Nf6 3. Bf4 c6 4. e3 Qb6 5. b3 Bf5 6. Bd3 Bxd3 7. Qxd3 e6 8.
Nbd2 Nbd7 9. O-O Be7 10. Ne5 Nxe5 11. Bxe5 O-O 12. Bxf6 Bxf6 13. f4 c5 14. c3
a5 15. Nf3 a4 16. Rfb1 cxd4 17. bxa4 Qc7 18. cxd4 Rxa4 19. Qb5 Rc4 20. Qxb7
Rc1+ 21. Kf2 Qxb7 22. Rxc1 Qb2+ 23. Kg1 Qa3 0-1

[Event "Roskilde 100 aars Jubilaeum 2008"]
[Site "Roskilde"]
[Date "2008.10.16"]
[Round "7"]
[White "Seirup, Simon"]
[Black "Kristensen, Steffen Michael"]
[Result "1-0"]
[WhiteElo "1226"]
[BlackElo "1195"]
[PlyCount "91"]
[EventDate "2008.??.??"]


1. e4 e5 2. f4 Bc5 3. Nf3 d5 4. exd5 exf4 5. d4 Bd6 6. Nc3 Bg4 7. Ne4 Bxf3 8.
Nxd6+ cxd6 9. Qxf3 Qh4+ 10. Qf2 Qxf2+ 11. Kxf2 g5 12. h4 f6 13. hxg5 fxg5 14.
g3 Nf6 15. gxf4 gxf4 16. Bxf4 O-O 17. Bxd6 Ne4+ 18. Kg1 Nxd6 19. c4 Nd7 20. c5
Nf5 21. c6 bxc6 22. dxc6 Nb6 23. Rd1 Ne3 24. Re1 Rxf1+ 25. Rxf1 Nxf1 26. Kxf1
Rf8+ 27. Ke2 Rf7 28. Kd3 Rf6 29. Rc1 Rf8 30. Ke4 Re8+ 31. Kf5 Rc8 32. Ke6 Kf8
33. Rc5 h6 34. d5 h5 35. d6 Re8+ 36. Kf6 Rd8 37. Ke6 Re8+ 38. Kf6 Rd8 39. Kf5
Nc8 40. d7 Nd6+ 41. Ke6 Ne4 42. Rc4 Ng5+ 43. Kf5 Nf7 44. Rd4 h4 45. c7 Nh6+ 46.
Kg6 1-0

[Event "Roskilde 100 aars Jubilaeum 2008"]
[Site "Roskilde"]
[Date "2008.10.16"]
[Round "7"]
[White "Sorensen, Dick"]
[Black "Jorgensen, Morten"]
[Result "1-0"]
[WhiteElo "1851"]
[BlackElo "1491"]
[PlyCount "53"]
[EventDate "2008.??.??"]


1. d4 Nf6 2. c4 e6 3. Nf3 d5 4. Nc3 Be7 5. Bf4 c6 6. e3 O-O 7. Bd3 dxc4 8. Bxc4
Nd5 9. O-O Nxf4 10. exf4 Bd6 11. g3 b5 12. Bd3 Nd7 13. Ne5 Bxe5 14. dxe5 Nc5
15. Bc2 Qb6 16. b4 Na6 17. Bxh7+ Kxh7 18. Qh5+ Kg8 19. Ne4 f6 20. Rad1 Nxb4 21.
exf6 gxf6 22. Qg6+ Kh8 23. Nxf6 Rxf6 24. Qxf6+ Kh7 25. Rd8 Bb7 26. Rd7+ Kg8 27.
Qg7# 1-0

[Event "Roskilde 100 aars Jubilaeum 2008"]
[Site "Roskilde"]
[Date "2008.10.16"]
[Round "7"]
[White "Sorensen, Lindved"]
[Black "Jorgensen, Orla Eilegaard"]
[Result "0-1"]
[WhiteElo "1592"]
[BlackElo "1327"]
[PlyCount "52"]
[EventDate "2008.??.??"]


1. Nf3 d5 2. c4 dxc4 3. Na3 Nc6 4. e3 Nf6 5. Bxc4 a6 6. Qb3 e6 7. O-O Be7 8. d4
O-O 9. Bd2 b5 10. Bd3 Bb7 11. Nc2 Rc8 12. a4 Na7 13. axb5 Bxf3 14. gxf3 Nxb5
15. Bxb5 axb5 16. Ra7 c5 17. Ba5 Qd6 18. dxc5 Qxc5 19. Rxe7 Qxe7 20. Bb4 Qb7
21. Bxf8 Kxf8 22. Nd4 Rc5 23. Qb4 Qe7 24. Nxb5 Rg5+ 25. Qg4 Nxg4 26. h4 Nxe3+
0-1

[Event "Roskilde 100 aars Jubilaeum 2008"]
[Site "Roskilde"]
[Date "2008.10.16"]
[Round "7"]
[White "Zachariassen, John"]
[Black "Larsen, Arne Walther"]
[Result "1-0"]
[WhiteElo "1895"]
[BlackElo "1703"]
[PlyCount "65"]
[EventDate "2008.??.??"]


1. c4 Nf6 2. g3 g6 3. Bg2 Bg7 4. Nc3 O-O 5. d4 c5 6. d5 d6 7. Nf3 Na6 8. O-O
Nc7 9. e4 b5 10. cxb5 a6 11. b6 Nb5 12. Nd2 Nd7 13. Na4 Nxb6 14. Nxb6 Qxb6 15.
Nc4 Qc7 16. a4 Nd4 17. Bd2 Rb8 18. Ra3 Rb4 19. b3 Qb8 20. Bxb4 cxb4 21. Ra2 Qa7
22. Re1 a5 23. e5 dxe5 24. Nxe5 Bf5 25. Rd2 Bxe5 26. Rxe5 Qc7 27. Re3 Nc2 28.
Ree2 Na3 29. Qe1 Rc8 30. Rxe7 Qc3 31. Re3 Nc2 32. Rxc3 Nxe1 33. Rxc8+ 1-0

[Event "Roskilde 100 aars Jubilaeum 2008"]
[Site "Roskilde"]
[Date "2008.10.16"]
[Round "7"]
[White "Andersen, Daniel"]
[Black "Brekka, Hanus"]
[Result "0-1"]
[WhiteElo "1806"]
[BlackElo "2019"]
[PlyCount "48"]
[EventDate "2008.??.??"]


1. c4 Nf6 2. Nc3 c5 3. Nf3 Nc6 4. g3 d5 5. cxd5 Nxd5 6. Bg2 Nxc3 7. bxc3 e5 8.
d3 Be7 9. O-O O-O 10. c4 f5 11. Ne1 Be6 12. Rb1 Rb8 13. f4 exf4 14. gxf4 Qd6
15. Nc2 Rfd8 16. Ne3 b5 17. cxb5 Nd4 18. a4 a6 19. Bd2 axb5 20. axb5 Rxb5 21.
Rxb5 Nxb5 22. Kh1 Bf6 23. Nc4 Bxc4 24. dxc4 Nc3 0-1

[Event "Roskilde 100 aars Jubilaeum 2008"]
[Site "Roskilde"]
[Date "2008.10.16"]
[Round "7"]
[White "Petrovski, Petruli"]
[Black "Rasmussen, Henning"]
[Result "1/2-1/2"]
[WhiteElo "1645"]
[BlackElo "1918"]
[PlyCount "48"]
[EventDate "2008.??.??"]


1. e4 c5 2. Nf3 Nc6 3. Bb5 a6 4. Bxc6 bxc6 5. O-O g6 6. c3 Bg7 7. d3 Nf6 8. e5
Nd5 9. c4 Nc7 10. Re1 Ne6 11. b3 O-O 12. Bb2 d6 13. Nc3 Nd4 14. exd6 exd6 15.
h3 Bb7 16. Nxd4 cxd4 17. Ne2 c5 18. Bc1 Re8 19. Bf4 Qd7 20. Qd2 Qc6 21. f3 Be5
22. Kf2 f5 23. h4 Qd7 24. Ng3 a5 1/2-1/2

[Event "Roskilde 100 aars Jubilaeum 2008"]
[Site "Roskilde"]
[Date "2008.10.16"]
[Round "7"]
[White "Larsen, Finn (1950)"]
[Black "Meldal, Peter"]
[Result "1-0"]
[WhiteElo "1757"]
[BlackElo "1236"]
[PlyCount "73"]
[EventDate "2008.??.??"]


1. e4 e6 2. d4 d5 3. Nd2 c5 4. exd5 Qxd5 5. Ndf3 Nc6 6. Bb5 Bd7 7. Ne2 cxd4 8.
Bxc6 Bxc6 9. Nexd4 Rd8 10. Qe2 Bc5 11. Nxc6 Qxc6 12. O-O Rd5 13. Ne5 Qc7 14.
Bf4 Qd8 15. Rfe1 Nf6 16. Qf3 O-O 17. c4 Rd6 18. a3 Qb6 19. b4 Bxb4 20. axb4
Qxb4 21. Nd3 Qb6 22. c5 Rxd3 23. Qxd3 Qxc5 24. Bd6 Rd8 25. Bxc5 Rxd3 26. Rxa7
h6 27. Rxb7 Ne4 28. Be3 f5 29. f3 Nf6 30. Re7 Nd5 31. Rxe6 f4 32. Bc1 Kf7 33.
R6e4 g5 34. Kf2 Kg6 35. g3 Kh5 36. Re6 Rc3 37. g4+ 1-0

[Event "Roskilde 100 aars Jubilaeum 2008"]
[Site "Roskilde"]
[Date "2008.10.16"]
[Round "7"]
[White "Christensen, Casper"]
[Black "Eriksson, Christian Altenburg"]
[Result "0-1"]
[WhiteElo "1678"]
[BlackElo "1997"]
[PlyCount "88"]
[EventDate "2008.??.??"]


1. e4 c5 2. Nf3 Nc6 3. d4 cxd4 4. Nxd4 Nf6 5. Nc3 e5 6. Ndb5 d6 7. Na3 Be6 8.
Bc4 Be7 9. O-O O-O 10. Re1 Rc8 11. Nd5 h6 12. Kh1 Ng4 13. Be3 Bg5 14. f3 Bxe3
15. fxg4 Bc5 16. Nb5 Qh4 17. Be2 a6 18. Nbc3 Bf2 19. Rf1 Bg3 20. h3 Nd4 21. Qd3
Rfe8 22. Ne3 g6 23. Ncd5 Kg7 24. c3 Nxe2 25. Qxe2 h5 26. Nf6 Rh8 27. Rad1 Bf4
28. Nfd5 hxg4 29. Nxf4 exf4 30. Rxf4 Qg5 31. Qf2 gxh3 32. g3 Qe5 33. Ng4 Bxg4
34. Rxg4 Rc4 35. Qf3 Re8 36. Rf1 Re7 37. Rf4 Qe6 38. Rf6 Qxe4 39. Rxd6 Qxf3+
40. Rxf3 Re2 41. b3 Rc7 42. a4 Rb2 43. c4 Re7 44. Rd1 Ree2 0-1

[Event "Roskilde 100 aars Jubilaeum 2008"]
[Site "Roskilde"]
[Date "2008.10.16"]
[Round "7"]
[White "Jensen, Soren2"]
[Black "Hestehauge, Klaus"]
[Result "1/2-1/2"]
[WhiteElo "1603"]
[BlackElo "1889"]
[PlyCount "69"]
[EventDate "2008.??.??"]


1. c4 Nf6 2. g3 g6 3. Bg2 Bg7 4. Nf3 O-O 5. O-O d6 6. Nc3 c6 7. d4 Nbd7 8. e4
e5 9. dxe5 dxe5 10. b3 Re8 11. Bb2 Qc7 12. Qc2 Nf8 13. Rfd1 Bg4 14. h3 Bxf3 15.
Bxf3 Rad8 16. Rxd8 Rxd8 17. Rd1 Ne6 18. Rxd8+ Qxd8 19. Qd1 Qxd1+ 20. Bxd1 Ng5
21. Bg4 Nfxe4 22. Bc8 Nxc3 23. Bxc3 b6 24. Bb7 c5 25. Kg2 Kf8 26. b4 Ne6 27.
bxc5 bxc5 28. Ba5 Ke7 29. Bd5 f6 30. h4 Kd6 31. Kf3 Nd4+ 32. Kg4 Nc6 33. Bd2
Ne7 34. Bf7 Nf5 35. h5 1/2-1/2

[Event "Roskilde 100 aars Jubilaeum 2008"]
[Site "Roskilde"]
[Date "2008.10.16"]
[Round "7"]
[White "Lavrsen, Frands Winther"]
[Black "Zmylon, Frederik Nielsen"]
[Result "1-0"]
[WhiteElo "1762"]
[BlackElo "1367"]
[PlyCount "73"]
[EventDate "2008.??.??"]


1. e4 c5 2. f4 Nc6 3. Nf3 d6 4. Bc4 Bd7 5. Nc3 e6 6. O-O Be7 7. a3 Nf6 8. Rb1
a5 9. e5 dxe5 10. fxe5 Ng4 11. Qe2 Nh6 12. Nb5 Nf5 13. c3 O-O 14. d3 Na7 15.
Nxa7 Rxa7 16. Nd2 b5 17. Ba2 b4 18. Bc4 Qb6 19. Ra1 Bb5 20. Bxb5 Qxb5 21. a4
Qd7 22. Ne4 Rd8 23. Rf3 Qc7 24. Bf4 Qb6 25. Rc1 bxc3 26. bxc3 Qb3 27. Rh3 g6
28. Bg5 Rc7 29. g4 Bxg5 30. Nxg5 h6 31. Ne4 Ng7 32. Rxh6 Qxa4 33. Qf3 Qa3 34.
Rf1 a4 35. Qh3 Kf8 36. Rh8+ Ke7 37. Qh4+ 1-0

[Event "Roskilde 100 aars Jubilaeum 2008"]
[Site "Roskilde"]
[Date "2008.10.16"]
[Round "7"]
[White "Schandorff, Lars"]
[Black "Jorgensen, Brian Jorgen"]
[Result "1-0"]
[WhiteElo "2520"]
[BlackElo "2210"]
[PlyCount "75"]
[EventDate "2008.??.??"]


1. d4 d5 2. c4 Nc6 3. Nc3 dxc4 4. Nf3 Nf6 5. Bg5 Bg4 6. d5 Bxf3 7. exf3 Ne5 8.
Qd4 Ned7 9. Bxc4 a6 10. O-O g6 11. Rfe1 Bg7 12. Bb3 O-O 13. Qb4 h6 14. Bh4 Nb6
15. Rad1 Re8 16. Bg3 Qd7 17. Qc5 Rac8 18. a4 Na8 19. Qb4 Nh5 20. Be5 Bxe5 21.
Rxe5 Qd6 22. Qd4 c5 23. Qe3 Nf6 24. Re1 Kg7 25. Bc4 Nb6 26. b3 Nbd7 27. Rxe7
Nb6 28. g3 Rcd8 29. Rxe8 Rxe8 30. Ne4 Nxe4 31. fxe4 Nxc4 32. bxc4 f6 33. f4 b6
34. e5 fxe5 35. fxe5 Qd7 36. Qf4 Kh7 37. e6 Qg7 38. d6 1-0

[Event "Roskilde 100 aars Jubilaeum 2008"]
[Site "Roskilde"]
[Date "2008.10.16"]
[Round "7"]
[White "Marshall, Michael"]
[Black "Nielsen, Kurt Sogaard"]
[Result "1-0"]
[WhiteElo "1765"]
[BlackElo "1612"]
[PlyCount "95"]
[EventDate "2008.??.??"]


1. d4 d5 2. Nf3 Nf6 3. e3 e6 4. Bd3 Nbd7 5. b3 Bd6 6. Bb2 O-O 7. Nbd2 b6 8. Ne5
Bb7 9. Qf3 Rc8 10. O-O Bb4 11. c3 Be7 12. Qh3 h6 13. f4 c5 14. Rad1 cxd4 15.
exd4 Nxe5 16. fxe5 Nh7 17. Nf3 Ng5 18. Nxg5 Bxg5 19. Rf3 Qe7 20. Rdf1 Rc7 21.
Qh5 f5 22. g4 Qf7 23. Qxf7+ Rcxf7 24. gxf5 exf5 25. Rxf5 Bc8 26. Rxf7 Rxf7 27.
Bh7+ Kf8 28. Ba3+ Be7 29. Rxf7+ Kxf7 30. Bxe7 Kxe7 31. Bg8 Bb7 32. c4 dxc4 33.
Bxc4 Be4 34. h4 Kd7 35. b4 g5 36. hxg5 hxg5 37. Kf2 Bf5 38. Kg3 Ke7 39. d5 Kd7
40. d6 Kc6 41. a3 a5 42. bxa5 bxa5 43. Kf3 Kc5 44. Bf7 Kc6 45. Bh5 Be6 46. Bg4
Bd5+ 47. Ke3 Bg2 48. Bf3+ 1-0

[Event "Roskilde 100 aars Jubilaeum 2008"]
[Site "Roskilde"]
[Date "2008.10.16"]
[Round "7"]
[White "Christensen, Svend Ellegaard"]
[Black "Pedersen, Nicolai Vesterbaek"]
[Result "1/2-1/2"]
[WhiteElo "2172"]
[BlackElo "2431"]
[PlyCount "83"]
[EventDate "2008.??.??"]


1. d4 Nf6 2. Nf3 c5 3. c3 e6 4. Bf4 Nc6 5. e3 d5 6. Nbd2 Bd6 7. Bg3 Bxg3 8.
hxg3 Qd6 9. Bd3 Bd7 10. Qe2 e5 11. dxe5 Nxe5 12. Nxe5 Qxe5 13. O-O-O O-O-O 14.
e4 dxe4 15. Nxe4 Bc6 16. Nd6+ Qxd6 17. Bf5+ Kb8 18. Rxd6 Rxd6 19. Qe5 Ne8 20.
Rd1 f6 21. Qxc5 Rxd1+ 22. Kxd1 Nc7 23. Qd6 Re8 24. Bxh7 Bxg2 25. Bg6 Bf3+ 26.
Kd2 Re2+ 27. Kd3 b5 28. Qf4 Rxf2 29. Ke3 Rf1 30. Bd3 Be2 31. Qd6 Bxd3 32. Qxd3
Re1+ 33. Kf2 Re5 34. Qd7 Rg5 35. a4 a6 36. axb5 axb5 37. b3 Kb7 38. c4 bxc4 39.
bxc4 g6 40. Kg2 Rc5 41. Qd4 Rc6 42. Qb2+ 1/2-1/2

[Event "Roskilde 100 aars Jubilaeum 2008"]
[Site "Roskilde"]
[Date "2008.10.16"]
[Round "7"]
[White "Jorgensen, Alexander Torp"]
[Black "Wadtland, Flemming"]
[Result "0-1"]
[WhiteElo "1002"]
[BlackElo "1137"]
[PlyCount "92"]
[EventDate "2008.??.??"]


1. e4 c6 2. Nf3 d5 3. exd5 cxd5 4. d4 Bg4 5. Be2 Nf6 6. Bg5 Nbd7 7. Nc3 e6 8.
O-O Qb8 9. h3 h6 10. Bxf6 gxf6 11. hxg4 Rg8 12. Nh2 h5 13. g3 a6 14. Qd3 hxg4
15. Qh7 Rg7 16. Qh4 Qd6 17. Nxg4 O-O-O 18. Nxf6 Be7 19. Qh6 Bxf6 20. Rad1 Rdg8
21. Qh2 Rg5 22. Rd3 Rh8 23. Qg2 Rg7 24. f4 Rhg8 25. Rff3 Bh4 26. Bf1 Nf6 27.
gxh4 Rxg2+ 28. Bxg2 Ne4 29. h5 Qe7 30. Nxe4 dxe4 31. Rc3+ Kb8 32. Rh3 Rh8 33.
h6 Qf6 34. Kf1 Qxf4+ 35. Ke2 Rxh6 36. Rxh6 Qxh6 37. Bxe4 f5 38. Bg2 Qh2 39. Kf1
Qd6 40. Rb3 Qf4+ 41. Ke1 b5 42. Rh3 Qxd4 43. Rh8+ Kc7 44. Rh7+ Kd6 45. Rb7 Qxb2
46. Rb6+ Ke5 0-1

[Event "Roskilde 100 aars Jubilaeum 2008"]
[Site "Roskilde"]
[Date "2008.10.16"]
[Round "7"]
[White "Hoi, Carsten"]
[Black "Bromann, Thorbjrn"]
[Result "1/2-1/2"]
[WhiteElo "2382"]
[BlackElo "2416"]
[PlyCount "59"]
[EventDate "2008.??.??"]


1. c4 c6 2. e4 d5 3. exd5 cxd5 4. cxd5 Nf6 5. Nc3 Nxd5 6. Qb3 e6 7. Nf3 Nc6 8.
Bb5 a6 9. Bxc6+ bxc6 10. Qa4 Bd7 11. Ne5 Qg5 12. Qe4 Nf6 13. h4 Qh5 14. Qe2
Qxe2+ 15. Kxe2 Bd6 16. Nc4 Be7 17. d3 Nd5 18. Bg5 f6 19. Bd2 O-O 20. Nxd5 exd5
21. Nb6 Bg4+ 22. f3 Rab8 23. fxg4 Rxb6 24. b3 Ba3 25. Kf3 Kf7 26. Rhe1 Rbb8 27.
Rab1 Rfe8 28. Rxe8 Kxe8 29. Bf4 Rb7 30. Re1+ 1/2-1/2

[Event "Roskilde 100 aars Jubilaeum 2008"]
[Site "Roskilde"]
[Date "2008.10.16"]
[Round "7"]
[White "Schmidt, Horst Hubert"]
[Black "Madsen, Poul Henrik"]
[Result "0-1"]
[WhiteElo "1778"]
[BlackElo "2039"]
[PlyCount "111"]
[EventDate "2008.??.??"]


1. e4 d6 2. g3 Nf6 3. Bg2 g6 4. Nc3 Bg7 5. Nge2 e5 6. d3 c6 7. Bg5 h6 8. Bxf6
Bxf6 9. f4 Qb6 10. Rb1 Bg4 11. h3 Bd7 12. Na4 Qa5+ 13. Nac3 exf4 14. O-O Bxc3
15. bxc3 fxg3 16. Rxb7 Qxa2 17. Nxg3 Qa6 18. Qf3 O-O 19. Rbb1 Qa5 20. Qf6 Qe5
21. Ne2 Na6 22. d4 Qe6 23. Qh4 g5 24. Qg3 Qg6 25. Rb7 Nb8 26. e5 d5 27. Rf6 Qg7
28. c4 Bc8 29. Rb1 Be6 30. Nc3 Nd7 31. Rff1 Nb6 32. cxd5 cxd5 33. Nb5 Rfc8 34.
Nxa7 Rxa7 35. Rxb6 Rac7 36. Rf2 Rc3 37. Qh2 Qh7 38. h4 Rxc2 39. Rb2 Rc1+ 40.
Bf1 Re1 41. hxg5 hxg5 42. Qg3 Qh4 43. Qxh4 gxh4 44. Kh2 Rc3 45. Rg2+ Kh7 46.
Rgf2 Rg3 47. Rf4 Rg4 48. Bd3+ Kh6 49. Rbf2 Rxf4 50. Rxf4 Kg5 51. Rf2 Rd1 52.
Rf3 Bg4 53. Re3 Kf4 54. e6 fxe6 55. Be2 Kxe3 56. Bxg4 0-1

[Event "Roskilde 100 aars Jubilaeum 2008"]
[Site "Roskilde"]
[Date "2008.10.17"]
[Round "8"]
[White "Sorensen, Dick"]
[Black "Christensen, Casper"]
[Result "1-0"]
[WhiteElo "1851"]
[BlackElo "1678"]
[PlyCount "41"]
[EventDate "2008.??.??"]


1. d4 d5 2. c4 dxc4 3. Bf4 Nf6 4. e3 c5 5. Bxc4 e6 6. Nc3 cxd4 7. exd4 Bb4 8.
Bxb8 Rxb8 9. Qa4+ Bd7 10. Qxb4 Bc6 11. Bb5 Nd5 12. Nxd5 Qxd5 13. Bxc6+ Qxc6 14.
f3 Rc8 15. Ne2 Qc2 16. Qd2 O-O 17. Rc1 Qxd2+ 18. Kxd2 Rcd8 19. Rc7 e5 20. Rxb7
exd4 21. Rxa7 1-0

[Event "Roskilde 100 aars Jubilaeum 2008"]
[Site "Roskilde"]
[Date "2008.10.17"]
[Round "8"]
[White "Hansen, Lars Henrik Bech"]
[Black "Petrovski, Petruli"]
[Result "1/2-1/2"]
[WhiteElo "1988"]
[BlackElo "1645"]
[PlyCount "48"]
[EventDate "2008.??.??"]


1. e4 c5 2. Nf3 d6 3. Nc3 Nf6 4. d4 cxd4 5. Nxd4 a6 6. Be3 e5 7. Nb3 Be6 8. Be2
Be7 9. O-O Nbd7 10. a4 O-O 11. h3 Qc7 12. Kh1 Rac8 13. Qd2 Rfd8 14. Rfd1 Nc5
15. Nxc5 dxc5 16. Qe1 Rxd1 17. Rxd1 Rd8 18. Rxd8+ Qxd8 19. Qd2 Qc8 20. Nd5 Bxd5
21. exd5 Qd7 22. b3 Qxd5 23. Qxd5 Nxd5 24. Bf3 Nxe3 1/2-1/2

[Event "Roskilde 100 aars Jubilaeum 2008"]
[Site "Roskilde"]
[Date "2008.10.17"]
[Round "8"]
[White "Kristensen, Steffen Michael"]
[Black "Jorgensen, Alexander Torp"]
[Result "1-0"]
[WhiteElo "1195"]
[BlackElo "1002"]
[PlyCount "57"]
[EventDate "2008.??.??"]


1. e4 e5 2. Bc4 Nf6 3. Nf3 d5 4. exd5 Bd6 5. h3 O-O 6. O-O b6 7. Nc3 Bb7 8. d3
Nbd7 9. Bg5 h6 10. Bxf6 Nxf6 11. Ne4 Nxd5 12. Nxd6 cxd6 13. c3 Nf4 14. Kh2 Bxf3
15. Qxf3 d5 16. Bb3 d4 17. g3 Ng6 18. cxd4 Qxd4 19. Bd5 Rad8 20. Be4 Qxb2 21.
Qf5 Rd4 22. g4 Ra4 23. h4 Rd8 24. Rac1 Rxa2 25. Rc7 Rf8 26. h5 Qd4 27. hxg6
fxg6 28. Rxg7+ Kh8 29. Qxf8# 1-0

[Event "Roskilde 100 aars Jubilaeum 2008"]
[Site "Roskilde"]
[Date "2008.10.17"]
[Round "8"]
[White "Seirup, Simon"]
[Black "Wadtland, Flemming"]
[Result "1-0"]
[WhiteElo "1226"]
[BlackElo "1137"]
[PlyCount "75"]
[EventDate "2008.??.??"]


1. e4 c6 2. d4 d5 3. f3 g6 4. Bd3 Bg7 5. Ne2 e5 6. c3 Ne7 7. Be3 O-O 8. Nd2 f5
9. dxe5 fxe4 10. fxe4 Bxe5 11. exd5 Nxd5 12. Bc4 Be6 13. Bh6 Rf7 14. Nf3 Bg7
15. Bxg7 Rxg7 16. O-O Nd7 17. Re1 Kh8 18. Bxd5 Bxd5 19. Nf4 Bg8 20. Ne6 Bxe6
21. Rxe6 Nf8 22. Qxd8 Rxd8 23. Re2 h6 24. Rae1 Kh7 25. Re7 Nd7 26. Rxg7+ Kxg7
27. Rd1 g5 28. Ne5 Kf8 29. Rxd7 Rxd7 30. Nxd7+ Ke7 31. Ne5 Ke6 32. Nf3 c5 33.
Kf2 Kd5 34. Ke3 b5 35. Kd3 a5 36. a3 g4 37. Nd2 c4+ 38. Ke3 1-0

[Event "Roskilde 100 aars Jubilaeum 2008"]
[Site "Roskilde"]
[Date "2008.10.17"]
[Round "8"]
[White "Hein, Jacob"]
[Black "Meldal, Peter"]
[Result "1-0"]
[WhiteElo "1456"]
[BlackElo "1236"]
[PlyCount "103"]
[EventDate "2008.??.??"]


1. d4 d5 2. c4 Nf6 3. Nc3 c6 4. e3 Bf5 5. Nf3 h6 6. Bd3 Bxd3 7. Qxd3 e6 8. cxd5
cxd5 9. Ne5 Nc6 10. Qb5 Qc7 11. Nxc6 bxc6 12. Qa4 Rb8 13. a3 Bd6 14. h3 O-O 15.
O-O Nd7 16. Qc2 c5 17. dxc5 Nxc5 18. b4 Ne4 19. Bb2 Nxc3 20. Qxc3 Qxc3 21. Bxc3
Rfc8 22. Rac1 Rc4 23. Bd4 a6 24. Bc5 Bxc5 25. Rxc4 dxc4 26. bxc5 Rc8 27. Rc1
Rxc5 28. Kf1 c3 29. Rc2 e5 30. e4 g6 31. Ke2 f5 32. f3 Kf7 33. Kd3 Ke6 34. Rxc3
Rxc3+ 35. Kxc3 Kd6 36. Kb4 Kc6 37. a4 Kb7 38. Kc5 fxe4 39. fxe4 Kc7 40. a5 g5
41. g4 Kd7 42. Kd5 Ke7 43. Kxe5 Kf7 44. Kf5 Ke7 45. e5 Kf7 46. e6+ Ke7 47. Ke5
Ke8 48. Kf6 Kf8 49. e7+ Ke8 50. Ke6 h5 51. gxh5 g4 52. h6 1-0

[Event "Roskilde 100 aars Jubilaeum 2008"]
[Site "Roskilde"]
[Date "2008.10.17"]
[Round "8"]
[White "Christensen, Christoffer Ellegaa"]
[Black "Schmidt, Horst Hubert"]
[Result "0-1"]
[WhiteElo "1759"]
[BlackElo "1778"]
[PlyCount "70"]
[EventDate "2008.??.??"]


1. d4 d5 2. Nf3 Nf6 3. Bf4 Bg4 4. e3 e6 5. Be2 a6 6. Nbd2 c5 7. c3 Nc6 8. Ne5
Bxe2 9. Qxe2 cxd4 10. exd4 Bd6 11. Ndf3 Bxe5 12. Nxe5 Nxe5 13. Bxe5 Nd7 14.
Bxg7 Rg8 15. Be5 Qg5 16. Bg3 h5 17. h4 Qg6 18. O-O-O b5 19. a3 Nb6 20. Bf4 Nc4
21. g3 Rc8 22. Qd3 f5 23. Rde1 Kd7 24. Rhg1 Rc6 25. f3 Rgc8 26. Bd2 a5 27. Kb1
b4 28. axb4 axb4 29. cxb4 Nxd2+ 30. Qxd2 f4+ 31. Ka2 Rc2 32. Qd1 e5 33. gxf4
Qa6+ 34. Kb1 Rc1+ 35. Qxc1 Qd3+ 0-1

[Event "Roskilde 100 aars Jubilaeum 2008"]
[Site "Roskilde"]
[Date "2008.10.17"]
[Round "8"]
[White "Larsen, Arne Walther"]
[Black "Larsen, Finn (1950)"]
[Result "1/2-1/2"]
[WhiteElo "1703"]
[BlackElo "1757"]
[PlyCount "56"]
[EventDate "2008.??.??"]


1. Nf3 Nf6 2. g3 g6 3. b3 b6 4. Bg2 Bb7 5. Bb2 Bg7 6. O-O O-O 7. d3 d5 8. Nbd2
c5 9. c4 d4 10. b4 Qd6 11. bxc5 bxc5 12. Rb1 Bc6 13. Ng5 Bxg2 14. Kxg2 Qc6+ 15.
Kg1 Nbd7 16. Nge4 e5 17. Ba3 Nxe4 18. Nxe4 Rab8 19. Qc2 Rb6 20. Rb3 f5 21. Ng5
Qf6 22. Nf3 g5 23. Rfb1 Rfb8 24. Rb5 Bf8 25. Bc1 h6 26. Bd2 Qc6 27. R1b3 a6 28.
Rxb6 Rxb6 1/2-1/2

[Event "Roskilde 100 aars Jubilaeum 2008"]
[Site "Roskilde"]
[Date "2008.10.17"]
[Round "8"]
[White "Zmylon, Frederik Nielsen"]
[Black "Sorensen, Lindved"]
[Result "1-0"]
[WhiteElo "1367"]
[BlackElo "1592"]
[PlyCount "139"]
[EventDate "2008.??.??"]


1. e4 d5 2. exd5 Nf6 3. Nc3 Nxd5 4. Bc4 c6 5. Nf3 Bg4 6. h3 Be6 7. Nxd5 Bxd5 8.
Bxd5 cxd5 9. O-O e6 10. d3 Bc5 11. d4 Bd6 12. c3 O-O 13. Re1 Nc6 14. Bg5 f6 15.
Be3 Qd7 16. Qd2 b5 17. Bf4 a5 18. Bxd6 Qxd6 19. Qe2 e5 20. dxe5 fxe5 21. Qxb5
e4 22. Nd4 Nxd4 23. cxd4 Qf6 24. Qxd5+ Kh8 25. Rf1 Rae8 26. Rae1 Qf4 27. Qxa5
Rf5 28. Qc3 Ref8 29. Qe3 Qb8 30. b3 Qa7 31. a4 Qf7 32. f3 exf3 33. Rxf3 g6 34.
Rxf5 gxf5 35. Qe5+ Kg8 36. Qe6 Rb8 37. Qxf7+ Kxf7 38. Re3 Rb4 39. Rd3 Ke6 40.
Kf2 Kd5 41. Ke3 Rb6 42. Kf4 Rg6 43. Rg3 Rb6 44. Rd3 Rf6 45. g3 h6 46. h4 Ke6
47. Rc3 Kd5 48. Rc5+ Kxd4 49. Rxf5 Re6 50. Rb5 Re4+ 51. Kf5 Re3 52. g4 Rg3 53.
g5 Rh3 54. gxh6 Kc3 55. Kg4 Rd3 56. h7 Rd8 57. Rh5 Rh8 58. Kg5 Kxb3 59. Kg6
Kxa4 60. Kg7 Rc8 61. h8=Q Rc7+ 62. Kg6 Rc6+ 63. Qf6 Rc4 64. Qa6+ Kb3 65. Rb5+
Kc3 66. Qa3+ Kd4 67. Rb4 Kc5 68. Rxc4+ Kxc4 69. h5 Kd5 70. h6 1-0

[Event "Roskilde 100 aars Jubilaeum 2008"]
[Site "Roskilde"]
[Date "2008.10.17"]
[Round "8"]
[White "Jorgensen, Orla Eilegaard"]
[Black "Nielsen, Kurt Sogaard"]
[Result "0-1"]
[WhiteElo "1327"]
[BlackElo "1612"]
[PlyCount "90"]
[EventDate "2008.??.??"]


1. c4 Nf6 2. Nc3 e5 3. d3 Nc6 4. g3 Be7 5. Bg2 d6 6. Nf3 O-O 7. O-O Bg4 8. a3
Rb8 9. b4 a6 10. Re1 Qd7 11. b5 axb5 12. Nxb5 Nd8 13. a4 c6 14. Nc3 Ne6 15. Be3
Bd8 16. Qc2 Ba5 17. Reb1 Rfc8 18. Bb6 Ra8 19. Rb2 Bxb6 20. Rxb6 Bxf3 21. exf3
Nd4 22. Qb2 Ra7 23. Rb1 Rc7 24. Ne4 Ne8 25. f4 f5 26. Ng5 Rxa4 27. fxe5 dxe5
28. Rxb7 Rxb7 29. Qxb7 Qxb7 30. Rxb7 h6 31. Rb8 Ra1+ 32. Bf1 Kf8 33. Nh3 Nf3+
34. Kg2 Ne1+ 35. Kg1 Nxd3 36. Rb6 c5 37. Kg2 Ne1+ 38. Kg1 Nf6 39. f4 e4 40. Rc6
Nf3+ 41. Kg2 Ra2+ 42. Nf2 Ng4 43. Rxc5 Rxf2+ 44. Kh3 Ng1+ 45. Kh4 Rxh2+ 0-1